000 00472nam a2200157Ia 4500
008 210210b2004 xxu||||| |||| 00| 0 eng d
020 _a81 8090 024 x
082 _a413 MISC
100 _aMISHRA (Aditya Kumar) and PATHAK (Manish Kumar).
245 _aConcise sanskrit-english-hindi & english-sanskrit-hindi dictionary
260 _aN D
_bBharatiya Kala Prakashan
_c2004
300 _a142
650 _aSanskrit Dictionary
690 _aDictionaries
906 _a060471
999 _c107579
_d107579